<?xml version="1.0" encoding="UTF-8"?>
<record
    xmlns:xsi="http://www.w3.org/2001/XMLSchema-instance"
    xsi:schemaLocation="http://www.loc.gov/MARC21/slim http://www.loc.gov/standards/marcxml/schema/MARC21slim.xsd"
    xmlns="http://www.loc.gov/MARC21/slim">

  <leader>01923nam a2200241 a 4500</leader>
  <controlfield tag="001">000000169</controlfield>
  <controlfield tag="003">OSt</controlfield>
  <controlfield tag="005">20260321073636.0</controlfield>
  <controlfield tag="008">081126s1986    dr      r     001 0 spa d</controlfield>
  <datafield tag="040" ind1=" " ind2=" ">
    <subfield code="a">DO-SdBNP</subfield>
    <subfield code="b">spa</subfield>
    <subfield code="c">BNPHU</subfield>
  </datafield>
  <datafield tag="082" ind1=" " ind2=" ">
    <subfield code="a">972.9</subfield>
    <subfield code="b">B742d, 1986</subfield>
  </datafield>
  <datafield tag="100" ind1="1" ind2=" ">
    <subfield code="a"> Bosch, Juan, </subfield>
    <subfield code="d">1909-2001</subfield>
    <subfield code="9">76555</subfield>
  </datafield>
  <datafield tag="245" ind1="1" ind2="0">
    <subfield code="a">De Crist&#xF3;bal Col&#xF3;n a Fidel Castro :</subfield>
    <subfield code="b">el Caribe, frontera imperial /</subfield>
    <subfield code="c">Juan Bosch.</subfield>
  </datafield>
  <datafield tag="250" ind1=" " ind2=" ">
    <subfield code="a">5a ed.</subfield>
  </datafield>
  <datafield tag="260" ind1=" " ind2=" ">
    <subfield code="a">Santo Domingo :</subfield>
    <subfield code="b">Alfa &amp; Omega,</subfield>
    <subfield code="c">1986.</subfield>
  </datafield>
  <datafield tag="300" ind1=" " ind2=" ">
    <subfield code="a">740 p. ;</subfield>
    <subfield code="c">21 cm.</subfield>
  </datafield>
  <datafield tag="500" ind1=" " ind2=" ">
    <subfield code="a">Incluye &#xED;ndice de personas y lugares</subfield>
  </datafield>
  <datafield tag="504" ind1=" " ind2=" ">
    <subfield code="a">Bibliograf&#xED;a : p. 699-702</subfield>
  </datafield>
  <datafield tag="505" ind1="0" ind2=" ">
    <subfield code="t">Unas palabras del autor --</subfield>
    <subfield code="t">Una frontera de cinco siglos --</subfield>
    <subfield code="t">El escenario de la frontera --</subfield>
    <subfield code="t">Indios y espa&#xF1;oles en los primeros a&#xF1;os de la frontera imperial --</subfield>
    <subfield code="t">La conquista del Caribe entre 1508 y 1526 --</subfield>
    <subfield code="t">La conquista entre 1526-1584 --</subfield>
    <subfield code="t">Sublevaciones de indios, africanos y espa&#xF1;oles en el siglo XVI --</subfield>
    <subfield code="t">Las guerras de Espa&#xF1;a en el siglo XVI --</subfield>
    <subfield code="t">Contrabandistas, bucaneros y filibusteros --</subfield>
    <subfield code="t">El siglo de la desmembraci&#xF3;n --</subfield>
    <subfield code="t">El tiempo del espanto --</subfield>
    <subfield code="t">Intermedio europeo --</subfield>
    <subfield code="t">El Caribe hasta la Paz de Utrecht --</subfield>
    <subfield code="t">Las guerras en el Caribe hasta la Paz de Par&#xED;s (1763) --</subfield>
    <subfield code="t">La revoluci&#xF3;n Norteamericana y sus resultados en el Caribe --</subfield>
    <subfield code="t">La revoluci&#xF3;n francesa y su proyecci&#xF3;n en el Caribe --</subfield>
    <subfield code="t">El tiempo de la libertad --</subfield>
    <subfield code="t">Nacimiento de la Rep&#xFA;blica de Hait&#xED; --</subfield>
    <subfield code="t">En los umbrales de la gran conmoci&#xF3;n --</subfield>
    <subfield code="t">La guerra social venezolana --</subfield>
    <subfield code="t">La independencia de los territorios espa&#xF1;oles --</subfield>
    <subfield code="t">1821-1851. Los a&#xF1;os de reajuste --</subfield>
    <subfield code="t">Los a&#xF1;os de los episodios incre&#xED;bles (1855-1861) --</subfield>
    <subfield code="t">Las luchas por la independencia de Cuba (1868-1898) --</subfield>
    <subfield code="t">El siglo del imperio norteamericano --</subfield>
    <subfield code="t">Los a&#xF1;os de las balas y de los d&#xF3;lares --</subfield>
    <subfield code="t">Fidel Castro o la nueva etapa hist&#xF3;rica del Caribe.</subfield>
  </datafield>
  <datafield tag="651" ind1=" " ind2="0">
    <subfield code="a">Caribe (Regi&#xF3;n)</subfield>
    <subfield code="x">Historia</subfield>
    <subfield code="9">87401</subfield>
  </datafield>
  <datafield tag="910" ind1=" " ind2=" ">
    <subfield code="a">Validado. Control de calidad. MFF</subfield>
  </datafield>
  <datafield tag="942" ind1=" " ind2=" ">
    <subfield code="2">ddc</subfield>
    <subfield code="c">LBS1</subfield>
  </datafield>
  <datafield tag="952" ind1=" " ind2=" ">
    <subfield code="0">0</subfield>
    <subfield code="1">0</subfield>
    <subfield code="7">1</subfield>
    <subfield code="8">PD</subfield>
    <subfield code="a">BNPHU</subfield>
    <subfield code="b">BNPHU</subfield>
    <subfield code="c">OI</subfield>
    <subfield code="d">2014-03-25</subfield>
    <subfield code="i">LF1</subfield>
    <subfield code="l">0</subfield>
    <subfield code="o">972.9 B742d, 1986</subfield>
    <subfield code="p">169-20</subfield>
    <subfield code="r">2020-06-25</subfield>
    <subfield code="w">2020-06-25</subfield>
    <subfield code="y">1</subfield>
    <subfield code="Z">No se presta</subfield>
  </datafield>
  <datafield tag="952" ind1=" " ind2=" ">
    <subfield code="0">0</subfield>
    <subfield code="1">0</subfield>
    <subfield code="7">1</subfield>
    <subfield code="8">PD</subfield>
    <subfield code="a">BNPHU</subfield>
    <subfield code="b">BNPHU</subfield>
    <subfield code="c">OI</subfield>
    <subfield code="d">2014-03-25</subfield>
    <subfield code="i">LF1</subfield>
    <subfield code="l">0</subfield>
    <subfield code="o">972.9 B742d, 1986</subfield>
    <subfield code="p">169-30</subfield>
    <subfield code="r">2020-06-25</subfield>
    <subfield code="w">2020-06-25</subfield>
    <subfield code="y">1</subfield>
    <subfield code="Z">No se presta</subfield>
  </datafield>
  <datafield tag="952" ind1=" " ind2=" ">
    <subfield code="0">0</subfield>
    <subfield code="1">0</subfield>
    <subfield code="7">1</subfield>
    <subfield code="8">PD</subfield>
    <subfield code="a">BNPHU</subfield>
    <subfield code="b">BNPHU</subfield>
    <subfield code="c">HD</subfield>
    <subfield code="d">2009-06-19</subfield>
    <subfield code="e">026406</subfield>
    <subfield code="i">LF1</subfield>
    <subfield code="l">0</subfield>
    <subfield code="o">972.9 B742d, 1986</subfield>
    <subfield code="p">169-10</subfield>
    <subfield code="r">2020-06-25</subfield>
    <subfield code="w">2020-06-25</subfield>
    <subfield code="y">1</subfield>
    <subfield code="Z">No se presta</subfield>
  </datafield>
  <datafield tag="999" ind1=" " ind2=" ">
    <subfield code="c">169</subfield>
    <subfield code="d">169</subfield>
  </datafield>
</record>
